000 00444nam a2200181Ia 4500
001 23242
005 20260414150924.0
008 260414t1992||||xx |||||||||||||| ||spa||
041 _aESP
082 _a627.13
_bC78
100 _aCoronado del Águila, Francisco
_eAUT
245 0 _aDiseño y construcción de canales
_b
260 _c1992
300 _a225 páginas :
_c21 cm.
650 _a0
654 _aCIC
942 _cLIB
_dJUS
_fJUS
_2ddc
_n
999 _c23242
_d23242